000 01088pam a22003011a 4500
008
020 _a0443039542 (pbk.)
049 0 _aMAIN
090 _aREF R121
_bCHU
245 0 0 _aChurchill Livingstone pocket medical dictionary /
_bedited by Nancy Roper.
250 _a14th ed.
260 _aEdinburgh ;
_bChurchill Livingstone,
_c1985.
300 _axx, 380 p. :
_c19cm.
500 _aCataloging based on CIP information.
500 _aRev. ed. of: Churchill Livingstone pocket medical dictionary / Lois Oakes. 13th ed. 1978 (1984 printing).
500 _a"Published in association with the Royal Society of Medicine."
500 _aIncludes index.
650 0 _aMedicine
_xDictionaries.
650 2 _aDictionaries, Medical.
700 1 _aRoper, Nancy.
700 1 _aOakes, Lois.
_tChurchill Livingstone pocket medical dictionary.
710 2 _aRoyal Society of Medicine (Great Britain)
907 _a.b10250931
_b10-06-10
_c12-09-07
003
005 20230120203952.0
040 _cNUST
942 _cBOOKS
_kREF R121
_mCHU
999 _c114794
_d114794